[Event "Biel Rapid op 58th"]
[Site "Biel"]
[Date "2025.07.13"]
[Round "1"]
[White "Talwalkar, Vedant"]
[Black "Bjarnegard, Henry"]
[Result "1-0"]
[WhiteElo "2014"]
[BlackElo "1704"]
[PlyCount "73"]
[EventDate "2025.07.13"]
[EventType "swiss (rapid)"]
[EventRounds "9"]
[EventCountry "SUI"]
[SourceTitle "CB29_2025"]
[SourceDate "2025.07.16"]
[SourceVersion "1"]
[SourceVersionDate "2025.07.16"]
[SourceQuality "1"]

1. e4 c5 2. Nf3 Nc6 3. d4 cxd4 4. Nxd4 Nf6 5. Nc3 e5 6. Ndb5 d6 7. Nd5 Nxd5 8. exd5 Nb8 9. a4 Be7 10. Be2 0-0 11. Bd2 Nd7 12. a5 a6 13. Na3 f5 14. Nc4 Nf6 15. Bb4 Ne4 16. 0-0 Rf6 17. f3 Nc5 18. Bxc5 dxc5 19. Nxe5 Bd6 20. f4 Qc7 21. Bc4 Bd7 22. Qd3 Kh8 23. Rfe1 Re8 24. Qc3 Re7 25. Rad1 Bb5 26. g3 Rh6 27. b3 Qd8 28. Bxb5 axb5 29. Qd3 Bxe5 30. fxe5 f4 31. Qf3 Rf7 32. e6 Rf5 33. e7 Qe8 34. d6 fxg3 35. Qxf5 gxh2+ 36. Kh1 Qc6+ 37. Qd5 1-0